=LDR 00000nam 2200000 4500 =001 INLIS000000000019351 =005 20130612114424 =008 ***********************************Ind** =035 ##$$a0010-061300000019351 =041 ##$$a Ind =082 ##$$a 005.276 =090 ##$$a 005.276, Opt o =245 ##$$a Optimalisasi dan tronbleshooting sistem komputer anda menggunakan freeware dan shareware pilihan =260 ##$$a 2004 $b Yogyakarta =300 ##$$a xii, 300 hlm, ilus, 23 cm =650 ##$$a Sistem Komputer =850 ##$$a NBPNMAT =990 ##$$a 21400354/BPAP-NTB/2014